000 00885nam a2200253 i 4500
001 000014186
003 DO-SdBNP
005 20231218142719.0
006 a||||gr|||| 00| 0
007 ta
008 091207s1980 dr a r 000 0 spa d
040 _aDO-SdBNP
_bspa
_cBNPHU
_erda
082 4 _bE822a
_222
245 0 0 _aEstrategias energéticas para la República Dominicana :
_binforme de la evaluación energética nacional.
264 1 _aSanto Domingo :
_bComisión Nacional de Política Energética,
_c1980.
300 _a109 páginas. :
_bIlustraciones, fotografías, gráficos, láminas ;
_c23 cm.
336 _2rdacontent
_atexto
_btxt
337 _2rdamedia
_asin mediación
_bn
338 _2rdacarrier
_avolumen
_bnc
500 _aIncluye índice de tablas.
501 _aCon Erratas advertidas de cuadros y figuras.
590 _aInventariado 2023 / MF
942 _2ddc
_cLBS1
999 _c13787
_d13787